Statistics for U.S. Cities with Biggest Unemployment

Click here to take the quiz!

General Stats

  • This quiz has been taken 91 times
  • The average score is 8 of 10

Answer Stats

#CityState% Correct
1DetroitMichigan
100%
4ChicagoIllinois
96%
9Los AngelesCalifornia
93%
8Las VegasNevada
90%
2ClevelandOhio
88%
3PhiladelphiaPennsylvania
86%
10BaltimoreMaryland
84%
6SacramentoCalifornia
78%
5OaklandCalifornia
68%
7Long BeachCalifornia
42%

Score Distribution

Percentile by Number Answered

Percent of People with Each Score

Your Score History

You have not taken this quiz